Stades de Ligue 2 (2023-2024) - Statistiques

Statistiques générales
  • Ce quiz a été pris 103 fois
    78 depuis la dernière actualisation
  • Le résultat moyen est 11 sur 21
Statistiques - réponses
Équipe Stade Capacité % Correct
AS Saint-Etienne Stade Geoffroy Guichard 42.000
91%
Girondins de Bordeaux Matmut Atlantique 42.115
89%
AJ Auxerre Stade de l'Abbé-Deschamps 17.924
80%
Amiens Stade de la Licorne 12.999
78%
ESTAC Troyes Stade de l'Aube 20.400
75%
SCO Angers Stade Raymond-Kopa 19.350
75%
Paris FC Stade Charléty 19.151
73%
EA Guingamp, US Concarneau Stade du Roudourou 19.060
67%
Grenoble F38 Stade des Alpes 20.068
65%
SC Bastia Stade Armand-Cesari 16.048
64%
SM Caen Stade Michel-d'Ornano 20.200
60%
Valenciennes Stade du Hainaut 24.926
49%
US Concarneau Stade du Moustoir 18.500
45%
US Concarneau Stade Francis-Le Blé 15.220
44%
AC Ajaccio Stade François-Coty 10.660
38%
Pau Nouste-Camp 4.144
33%
Stade Lavallois Stade Francis-Le-Basser 11.107
27%
USL Dunkerque Stade Marcel-Tribut 5.000
22%
Rodez Stade Paul-Lignon 6.800
20%
US Quevilly-Rouen Métropole Stade Robert-Diochon 8.372
15%
FC Annecy Parc des Sports d'Annecy 13.634
0%
Aucun quiz correspondant
Distribution des résultats
% des personnes avec chaque résultat
Percentile par nombre de réponses
Votre historique - résultats
Vous n’avez pas pris ce quiz depuis la dernière actualisation